| 000 | 00811nam a2200253Ia 4500 | ||
|---|---|---|---|
| 003 | OSt | ||
| 005 | 20220923224958.0 | ||
| 006 | a|||||r|||| 00| 0 | ||
| 007 | ta | ||
| 008 | 220922b |||||||| |||| 00| 0 urd d | ||
| 024 | _a254,597 | ||
| 037 | _cTextual | ||
| 040 |
_aARTS _cARTS _burd |
||
| 041 |
_2urd _aurd |
||
| 082 | _aO168,3N493,ZA, 152M7 | ||
| 100 | _aअब्दुल बिस्मिल्लाह | ||
| 245 | 0 | _aज़हरबाद | |
| 246 | _aज़harabāda | ||
| 260 |
_aनयी दिल्ली _b वाणी प्रकाशन _c1987 |
||
| 300 |
_a118पृ0 _ccm. |
||
| 650 | _aउर्दू साहित्य | ||
| 942 |
_hO168,3N493,ZA, 152M7 _cTEXL _2CC |
||
| 999 |
_c375183 _d375183 |
||